000 00480nam a2200169 i 4500
001 75546
003 ES-MaACL
005 20240423123209.0
007 t|
008 040924s1968 sp ||||1| spa d
100 1 _aGrande, Félix,
_d1937-2014
_959584
245 1 0 _aPor ejemplo, doscientas /
_cFélix Grande.
260 _aMadrid :
_bCiencia Nueva,
_c1968.
300 _a149 p., 12 lám ;
_c20 cm.
852 _aES-MaACL
_jG-4542
_bR.66336
999 _c75546
_d75546